Nevojenské bezpečnostné hrozby v súčasnom svete diplomová práca

Uložené v:
Podrobná bibliografia
Hlavný autor: Peškovičová, Kristína
Korporativný autor: Fakulta medzinárodných vzťahov EU. Katedra medzinárodných ekonomických vzťahov a hospodárskej diplomacie
Ďalší autori: Škvrnda, František
Médium: Kniha
Jazyk:Slovak
Vydavateľské údaje: Bratislava 2008
Tagy: Pridať tag
Žiadne tagy, Buďte prvý, kto otaguje tento záznam!

MARC

LEADER 00000nam$a2200000$$$4500
001 0076019
005 20240201115811.1
041 0 |a slo 
044 |a SK 
245 1 0 |a Nevojenské bezpečnostné hrozby v súčasnom svete  |b diplomová práca  |c Kristína Peškovičová ; škol. František Škvrnda 
264 1 |a Bratislava  |c 2008 
300 |a 66 s. 
100 1 |a Peškovičová, Kristína 
700 1 |a Škvrnda, František 
710 2 |a Fakulta medzinárodných vzťahov EU. Katedra medzinárodných ekonomických vzťahov a hospodárskej diplomacie